| 000 | 00951nam a2200217 i 4500 | ||
|---|---|---|---|
| 001 | 181771 | ||
| 003 | ES-MaACL | ||
| 005 | 20230906221442.0 | ||
| 008 | 130325s1925 sp | |||| ||spa d | ||
| 080 | _a738.032.77(460.231) | ||
| 100 | 1 |
_aSerra i Vilaró, J. _9105638 |
|
| 245 | 1 | 0 |
_aCerámica en Abella _b: primer taller de "terra sigilata" descubierto en España : de las excavaciones realizadas en 1925 / _cJuan Serra Vilaró. |
| 260 |
_aMadrid : _b[s.n.], _c1925 ( _fTipografía de la "Revista de Archivos") |
||
| 300 |
_a22 p., X lám. : _bil. ; _c24 cm. |
||
| 490 | 1 |
_aJunta Superior de Excavaciones y Antigüedades ; _vn. 73 = n. 3, 1924-25 |
|
| 650 | 4 |
_aCerámica romana- _zLérida (Provincia) _9152515 |
|
| 710 | 2 |
_aEspaña. _bJunta Superior de Excavaciones y Antigüedades. _9152463 |
|
| 830 | 0 |
_aJunta Superior de Excavaciones y Antigüedades ; _vn. 73 = n. 3, 1924-25 _9191570 |
|
| 852 |
_aES-MaACL _jE-3374(3) |
||
| 999 |
_c181771 _d181771 |
||